[Event "Oberliga NRW 1718"]
[Site "Germany"]
[Date "2018.02.18"]
[Round "6.6"]
[White "Wegener, Marcus"]
[Black "Selten, Jan"]
[Result "1/2-1/2"]
[WhiteElo "1974"]
[BlackElo "2078"]
[PlyCount "37"]
[EventDate "2017.09.17"]
[EventType "team-tourn"]
[EventRounds "9"]
[EventCountry "GER"]
[SourceTitle "EXT 2019"]
[Source "ChessBase"]
[SourceDate "2018.10.10"]
[SourceVersion "1"]
[SourceVersionDate "2018.10.10"]
[SourceQuality "1"]
[WhiteTeam "Koeln Porz II"]
[BlackTeam "Gerresheim"]
[WhiteTeamCountry "GER"]
[BlackTeamCountry "GER"]

1. e4 e6 2. b3 d5 3. Bb2 Nf6 4. e5 Nfd7 5. d4 c5 6. c3 Nc6 7. Nf3 f6 8. exf6 Nxf6 9. Bd3 Bd6 10. 0-0 0-0 11. Re1 Bd7 12. Nbd2 Qb6 13. c4 cxd4 14. cxd5 exd5 15. Ng5 Ne5 16. Ndf3 Nxf3+ 17. Nxf3 Bg4 18. Be2 Rad8 19. Bxd4 1/2-1/2